000 00383cam a2200157ua 4500
041 _aeng
_h
082 _a828.09
_bBEL/HGW
100 _aBelgion, Montgomery .
245 _aH G Wells /
_cMontgomery Belgion.
_hTextual Documents
250 _a1 /
_b.
260 _aLondon :
_bLongman Green and Co ,
_c1955.
300 _a44 ; .
504 _a
942 _cBK
999 _c6992
_d6992